000 00562nam a2200229Ia 4500
003 OSt
005 20221005122629.0
006 a|||||r|||| 00| 0
007 ta
008 221004b |||||||| |||| 00| 0 tam d
024 _a52352
037 _cTextual
040 _aCRL
_cCRL
_btam
041 _2tam
_atam
082 _aV211y7N03, 31L6
100 _aDanushkodi
_9632308
245 0 _aKamaraj orueharitram
260 _c1976
650 _aHISTORY
942 _hV211y7N03, 31L6
_cTEXL
_2cc
999 _c1044880
_d1044880